| Tag |
First Indicator |
Second Indicator |
Subfields |
| LEADER |
00000cam a2200000 4500 |
| 001 |
in00000493313 |
| 005 |
20151013053302.0 |
| 008 |
690701s1969 wiu 00110 eng |
| 010 |
|
|
|a 69016108
|
| 020 |
|
|
|a 0299052605
|c 12.50
|
| 035 |
|
|
|a (OCoLC)00012478
|
| 035 |
|
|
|9 ACB8760AM
|
| 040 |
|
|
|a DLC
|c DLC
|d TXA
|d UtOrBLW
|
| 041 |
0 |
|
|a eng
|a rus
|
| 049 |
|
|
|a TXAM
|c [1105243]
|
| 050 |
0 |
0 |
|a PG2075
|b .T5
|
| 082 |
0 |
|
|a 491.7/09
|
| 100 |
1 |
|
|a Thomas, Lawrence L.
|q (Lawrence Leslie),
|d 1924-
|
| 245 |
1 |
4 |
|a The history of the Russian literary language from the seventeenth century to the nineteenth /
|c [by] Vinogradov. A condensed adaptation into English with an introd. by Lawrence L. Thomas.
|
| 264 |
|
1 |
|a Madison :
|b University of Wisconsin Press,
|c 1969.
|
| 300 |
|
|
|a xxvii, 275 pages ;
|c 25 cm.
|
| 336 |
|
|
|a text
|b txt
|2 rdacontent
|
| 337 |
|
|
|a unmediated
|b n
|2 rdamedia
|
| 338 |
|
|
|a volume
|b nc
|2 rdacarrier
|
| 500 |
|
|
|a Title on spine: The Russian literary language.
|
| 650 |
|
0 |
|a Russian language
|x History.
|
| 700 |
1 |
|
|a Vinogradov, V. V.
|q (Viktor Vladimirovich),
|d 1895-1969.
|t Ocherki po istorii russkogo literaturnogo iazyka.
|
| 740 |
4 |
|
|a The Russian literary language.
|
| 999 |
|
|
|a MARS
|
| 999 |
f |
f |
|s 7a9dc292-8ea3-3d6a-9e9a-9145265a02ed
|i 40421739-d181-39d4-b7c9-234d7e5ee761
|t 0
|
| 952 |
f |
f |
|p ric
|a Texas A&M University
|b Rellis Campus
|c Joint Library Facility
|s JLF
|d Remote Storage
|t 0
|e PG2075 .T5
|h Library of Congress classification
|i unmediated -- volume
|m A14803613265
|
| 998 |
f |
f |
|a PG2075 .T5
|t 0
|l Remote Storage
|